أثر الرقابة المالية على تمويل مؤسسات التعليم العالي في فلسطين : دراسة ميدانية على الجامعات الفلسطينية العاملة في قطاع غزة /
Saved in:
| Main Author: | |
|---|---|
| Other Authors: | |
| Format: | Thesis |
| Language: | Arabic |
| Published: |
Ghazza:
al-Jami'ah al-Islamiyah bi-Ghazzah,
2009.
|
| Subjects: | |
| Tags: |
Add Tag
No Tags, Be the first to tag this record!
|
| LEADER | 017690000a22002770004500 | ||
|---|---|---|---|
| 008 | 100930s2009 jo f00 0000 00ara d | ||
| 040 | |a UIAM |b eng | ||
| 041 | |a ara | ||
| 050 | |a LB2826.6.P19 | ||
| 100 | 1 | |a غماري، محمود حمزة أحمد | |
| 242 | 1 | 0 | |a Athar al-raqabah al-maliyah 'ala tamwil mu'assasat al-ta'lim al-'ali fi Filastin : |b dirasah maydaniyah 'ala al-Jami'at al-Filistiniyah al-'Amilah fi Qita' Ghazzah |
| 245 | 1 | 0 | |a أثر الرقابة المالية على تمويل مؤسسات التعليم العالي في فلسطين : |b دراسة ميدانية على الجامعات الفلسطينية العاملة في قطاع غزة / |c اعداد محمود حمزة أحمد الغماري |
| 260 | |a Ghazza: |b al-Jami'ah al-Islamiyah bi-Ghazzah, |c 2009. | ||
| 300 | |a 119 leaves ; |c 30 cm. | ||
| 500 | |a "قدةت هذه البحث استكمالا لمطلبات الحصول على درجة الماجستير في المحاسبة والتمويل "On t.p. | ||
| 502 | |a Thesis (M.A.)--al-Jami'ah al-Islamiyah bi-Ghazzah, 2009 | ||
| 504 | |a Includes bibliographical references (leaves 155-162). | ||
| 596 | |a 1 4 | ||
| 650 | |a Education, Higher |z Palestine Gaza | ||
| 650 | |a Education, Higher |x Finance | ||
| 655 | |a Theses, Facsimile edition (Islamic) | ||
| 700 | |a Ghumari, Mahmud Hamzah Ahmad | ||
| 900 | |a sz-ami | ||
| 999 | |c 433078 |d 465804 | ||
| 952 | |0 0 |6 TI LB 002826.000006 P000019 G000045A 002009 |7 0 |8 THESES |9 753051 |a IIUM |b IIUM |c MULTIMEDIA |g 292.50 |o ti LB 2826.6 P19 G45A 2009 |p 00011203317 |r 2017-10-23 |t 1 |v 292.50 |y THESIS | ||
| 952 | |0 0 |6 TI LB 002826.000006 P000019 G000045A 002009 |7 0 |8 THESES |9 756522 |a IIiBFL |b IIiBFL |c CLOSEACCES |g 292.50 |o ti LB 2826.6 P19 G45A 2009 |p 00011203316 |r 2017-11-01 |t 1 |v 292.50 |y THESIS | ||
